Zwycięzcy konkursów Pucharu Świata 2023/24 w skokach narciarskich - Statystyki

Ogólne statystyki
  • Ten quiz został rozwiązany 34 razy
  • Średni wynik to 28 z 32
Statystyki odpowiedzi
Data Miejscowość Skocznia Narodowość Zwycięzca % Poprawnych
18.02.2024 Sapporo duża Słowenia Domen Prevc
100%
22.03.2024 Planica mamucia Słowenia Peter Prevc
100%
14.01.2024 Wisła duża Japonia Ryōyū Kobayashi
97%
12.03.2024 Trondheim duża Japonia Ryōyū Kobayashi
97%
25.11.2023 Ruka duża Austria Stefan Kraft
97%
26.11.2023 Ruka duża Austria Stefan Kraft
97%
2.12.2023 Lillehammer normalna Austria Stefan Kraft
97%
3.12.2023 Lillehammer duża Austria Stefan Kraft
97%
17.12.2023 Engelberg duża Austria Stefan Kraft
97%
6.01.2024 Bischofshofen duża Austria Stefan Kraft
97%
21.01.2024 Zakopane duża Austria Stefan Kraft
97%
11.02.2024 Lake Placid duża Austria Stefan Kraft
97%
17.02.2024 Sapporo duża Austria Stefan Kraft
97%
25.02.2024 Oberstdorf mamucia Austria Stefan Kraft
97%
9.03.2024 Oslo duża Austria Stefan Kraft
97%
13.03.2024 Trondheim duża Austria Stefan Kraft
97%
17.03.2024 Vikersund mamucia Austria Stefan Kraft
97%
29.12.2023 Oberstdorf duża Niemcy Andreas Wellinger
87%
4.02.2024 Willingen duża Niemcy Andreas Wellinger
87%
9.12.2023 Klingenthal duża Niemcy Karl Geiger
87%
10.12.2023 Klingenthal duża Niemcy Karl Geiger
87%
1.01.2024 Garmisch-Partenkirchen duża Słowenia Anže Lanišek
84%
3.02.2024 Willingen duża Norwegia Johann André Forfang
81%
10.03.2024 Oslo duża Norwegia Johann André Forfang
81%
3.01.2024 Innsbruck duża Austria Jan Hörl
77%
3.03.2024 Lahti duża Austria Jan Hörl
77%
24.02.2024 Oberstdorf mamucia Słowenia Timi Zajc
77%
10.02.2024 Lake Placid duża Słowenia Lovro Kos
65%
3.03.2024 Lahti duża Słowenia Lovro Kos
65%
16.12.2023 Engelberg duża Niemcy Pius Paschke
61%
17.03.2024 Vikersund mamucia Austria Daniel Huber
55%
24.03.2024 Planica mamucia Austria Daniel Huber
55%
Nie znaleziono quizów pasujących do podanych kryteriów
Rozkład punktacji
Procent ludzi z każdym wynikiem
Percentyl według liczby udzielonych odpowiedzi
Twoja historia wyników
Nie rozwiązałeś tego quizu